Membránové procesy
Saved in:
| Main Authors: | , , , , |
|---|---|
| Format: | Book |
| Language: | Czech |
| Published: |
Praha
VŠCHT v Praze
2012
|
| Edition: | 1. vyd. |
| Subjects: | |
| Online Access: | View in OPAC |
| Tags: |
No Tags, Be the first to tag this record!
|
MARC
| LEADER | 00000nam a2200000 a 4500 | ||
|---|---|---|---|
| 005 | 20260127134124.0 | ||
| 008 | 170614 2012 xr 001 0 cze d | ||
| 020 | |a 9788070808085 | ||
| 035 | |a vtls011636252 | ||
| 039 | 9 | |a 201706141351 |b mschk03 |c 201706141318 |d mschk03 |y 201706141312 |z mschk03 | |
| 040 | |a STUSCHK1 |b slo |c STUSCHK1 |e AACR2 | ||
| 245 | 1 | |a Membránové procesy |c Bohumil Bernauer a kolektív | |
| 250 | |a 1. vyd. | ||
| 260 | |a Praha |b VŠCHT v Praze |c 2012 | ||
| 300 | |a 282 s. |b il. |c 24,5 cm | ||
| 650 | 0 | |a membránové reaktory | |
| 650 | 0 | |a membránové separačné procesy | |
| 650 | 0 | |a membránové procesy | |
| 650 | 0 | |a polymerní membrány | |
| 700 | |a Bernauer, Bohumil |4 aut | ||
| 700 | |a Bleha, Miroslav |4 aut | ||
| 700 | |a Bouzek, Karel |4 aut | ||
| 700 | |a Černín, Aleš |4 aut | ||
| 700 | |a Palatý, Zdeněk |4 aut |4 edt | ||
| 910 | |a SCHK95 | ||
| 919 | |a 978-80-7080-808-5 | ||
| 999 | |c 4587 |d 4587 | ||